| 000 | 01268nam a22003377a 4500 | ||
|---|---|---|---|
| 001 | 1047 | ||
| 003 | DO-SdBNP | ||
| 005 | 20240124095421.0 | ||
| 007 | 1047 | ||
| 008 | 160613b 2005 ck || |||| 00| 0 spa d | ||
| 020 |
_a9580462356 _c |
||
| 040 |
_aBPMSU _bspa _cBPMSU |
||
| 082 | 4 |
_a658.4092 _bB923a 2005 _222 |
|
| 100 | 1 | _aBuckingham, Marcus. | |
| 245 |
_aAhora, descubra sus fortalezas / _cMarcus Buckingham, Donaldo O. Clifton ; traducción Adriana de Hassan. |
||
| 250 | _a Fabián Bonnett Vélez. | ||
| 260 |
_aBogotá : _bGrupo Editorial Norma, _c2005 |
||
| 300 |
_a359 p. : _bil. ; _c26 cm. |
||
| 500 | _aNota de la carátula : El revolucionario programa que le muestra cómo desarrollar sus fortalezas y talentos particulares y los de la gente a laque usted dirige, basado en el estudio de Gallup a más de 2.000.000 de personas. | ||
| 534 |
_aTítulo original : _tNow, discover your strengths. |
||
| 590 | _aInventariado, 2024/VM | ||
| 650 | 4 |
_aGerentes _z |
|
| 650 | 4 |
_aProductividad del trabajo _vTécnicas. |
|
| 650 | 4 | _aLiderazgo | |
| 650 | _a | ||
| 700 | 1 | _aClifton, Donald O. | |
| 700 |
_aHassan, Adriana de, _etr. |
||
| 700 |
_aBonnett Vélez, Fabián, _eed. |
||
| 910 | _aVMateo V. Control de calidad. BPMSU | ||
| 942 |
_2ddc _cBK |
||
| 999 |
_c10368 _d10368 |
||